[Event "6th Sharjah Masters 2023"]
[Site "Sharjah UAE"]
[Date "2023.05.24"]
[Round "8.6"]
[White "Kovalev, Vladislav"]
[Black "Erigaisi, Arjun"]
[Result "0-1"]
[WhiteTitle "GM"]
[BlackTitle "GM"]
[WhiteElo "2612"]
[BlackElo "2701"]
[WhiteFideId "13504398"]
[BlackFideId "35009192"]
[EventDate "2023.05.17"]
[EventType "swiss"]

1. e4 c5 2. Nf3 e6 3. d4 cxd4 4. Nxd4 Nc6 5. Nc3 Qc7 6. g3 h5 7. Ndb5 Qb8 8. Bf4
e5 9. Be3 a6 10. Na3 b5 11. Nd5 Nf6 12. Nxf6+ gxf6 13. h4 f5 14. exf5 Bb7 15.
Rg1 d5 16. c3 d4 17. cxd4 Bb4+ 18. Ke2 exd4 19. Bf4 Bd6 20. Bg5 f6 21. Bxf6 O-O
22. Qd2 Rxf6 23. Qg5+ Kf7 24. Qxh5+ Ke7 25. Bg2 Bxa3 26. Qh7+ Rf7 27. f6+ Ke8
28. Qg8+ Bf8 29. Rge1 Rxf6 30. Kf1+ Ne7 31. Rxe7+ Kxe7 32. Qh7+ Kd8 33. Bxb7 Ra7
34. Qh8 Qe5 35. Bf3 Qf5 0-1

[Event "6th Sharjah Masters 2023"]
[Site "Sharjah UAE"]
[Date "2023.05.24"]
[Round "8.7"]
[White "Kadric, Denis"]
[Black "Esipenko, Andrey"]
[Result "1/2-1/2"]
[WhiteTitle "GM"]
[BlackTitle "GM"]
[WhiteElo "2601"]
[BlackElo "2679"]
[WhiteFideId "14403803"]
[BlackFideId "24175439"]
[EventDate "2023.05.17"]
[EventType "swiss"]

1. e4 e5 2. Nf3 Nc6 3. Bc4 Nf6 4. d3 Bc5 5. O-O d6 6. c3 O-O 7. Re1 a5 8. h3 h6
9. Nbd2 Be6 10. Bb5 Ba7 11. Nf1 Ne7 12. d4 exd4 13. Nxd4 Bd7 14. Bxd7 Qxd7 15.
Ng3 Ng6 16. f4 Rfe8 17. Kh2 a4 18. Qf3 Nh4 19. Qf2 c5 20. Nf3 Ng6 21. c4 b5 22.
b3 axb3 23. axb3 Bb6 24. Bb2 Rxa1 25. Bxa1 Bd8 26. Bxf6 Bxf6 27. Nh5 Qe7 28.
cxb5 Rb8 29. Qe2 Nf8 30. Qc4 Qe6 31. e5 Be7 32. exd6 Qxc4 33. bxc4 Bxd6 34. Rd1
Bc7 35. Kg1 Ra8 36. Kf1 Ra4 37. Ne5 Ne6 38. Nd7 Rb4 39. Rd5 Rxc4 40. f5 Nd4 41.
b6 Rc1+ 42. Kf2 Bh2 43. b7 Rb1 44. Nxc5 Kh7 45. Nd7 Bg1+ 46. Kg3 Rxb7 47. Nf8+
Kg8 48. Rd8 Nxf5+ 49. Kf4 Bb6 50. Ra8 Ra7 51. Rxa7 Bxa7 52. Kxf5 Kxf8 53. Nf4
Bf2 54. g4 Ke7 55. Ke4 Kd6 56. Kf3 Bb6 57. Ne2 Ke5 58. Ng3 g6 59. h4 Bd8 60. h5
Bh4 1/2-1/2

[Event "6th Sharjah Masters 2023"]
[Site "Sharjah UAE"]
[Date "2023.05.24"]
[Round "8.8"]
[White "Praggnanandhaa, R"]
[Black "Kuybokarov, Temur"]
[Result "1-0"]
[WhiteTitle "GM"]
[BlackTitle "GM"]
[WhiteElo "2688"]
[BlackElo "2566"]
[WhiteFideId "25059530"]
[BlackFideId "14203049"]
[EventDate "2023.05.17"]
[EventType "swiss"]

1. Nf3 d5 2. d4 Nf6 3. c4 dxc4 4. e3 e6 5. Bxc4 c5 6. O-O a6 7. Bd3 Nc6 8. Nc3
cxd4 9. exd4 Be7 10. Bg5 O-O 11. Re1 h6 12. Bf4 b5 13. Qd2 Re8 14. a4 Na5 15.
Bxh6 gxh6 16. Qxh6 Bf8 17. Qh4 b4 18. Re5 Bg7 19. Rg5 Kf8 20. Ne4 Nxe4 21. Qxe4
Ra7 22. d5 exd5 23. Qxb4+ Ree7 24. Rc1 Nc4 25. Bxc4 dxc4 26. Qxc4 Rad7 27. h3
Bb7 28. Qb3 Rd3 29. Qb4 Qd6 30. Qg4 Rd1+ 31. Rxd1 Qxd1+ 32. Kh2 Qd6+ 33. Kh1 Re4
34. Qh5 Rxa4 35. Ne5 Ra1+ 36. Kh2 Bd5 37. f4 Rf1 38. Qg4 Be6 39. Qg3 Qd4 40. Nf3
Qd1 41. Qh4 Rh1+ 42. Kg3 Qc2 43. f5 Qc7+ 44. Kf2 Qc5+ 45. Kg3 Qc7+ 46. Kf2 Bc4
47. Rxg7 Qc5+ 48. Nd4 Rf1+ 49. Ke3 Qe5+ 50. Kd2 Qa5+ 51. Kc2 Qa4+ 52. Kd2 Qb4+
53. Ke3 Re1+ 54. Kf3 Bd5+ 55. Kg3 Qd6+ 56. Kf2 Qe5 57. Rg3 Ke8 58. Rg8+ Kd7 59.
Qd8# 1-0

[Event "6th Sharjah Masters 2023"]
[Site "Sharjah UAE"]
[Date "2023.05.24"]
[Round "8.9"]
[White "Karthikeyan, Murali"]
[Black "Niemann, Hans Moke"]
[Result "0-1"]
[WhiteTitle "GM"]
[BlackTitle "GM"]
[WhiteElo "2627"]
[BlackElo "2708"]
[WhiteFideId "5074452"]
[BlackFideId "2093596"]
[EventDate "2023.05.17"]
[EventType "swiss"]

1. e4 c5 2. Nf3 d6 3. d4 cxd4 4. Nxd4 Nf6 5. Nc3 a6 6. Be2 e5 7. Nb3 Be6 8. Be3
Nbd7 9. g4 Rc8 10. Bf3 h6 11. h4 Nb6 12. Qe2 Nc4 13. O-O-O Nxe3 14. fxe3 Rxc3
15. bxc3 Nd7 16. g5 hxg5 17. hxg5 Rxh1 18. Rxh1 Qxg5 19. c4 g6 20. Rd1 Bh6 21.
Rxd6 Qxe3+ 22. Qxe3 Bxe3+ 23. Kd1 Ke7 24. c5 Bg1 25. Ke2 Bc4+ 26. Kd1 Bb5 27.
Ke1 Nxc5 28. Rd5 Nd7 29. Na5 Bb6 30. Rxb5 axb5 31. Nxb7 Nf6 32. c4 bxc4 33. a4
Kd7 34. a5 Kc7 35. a6 g5 36. Kd2 g4 37. Bh1 Bd4 38. Na5 c3+ 39. Kc2 Kb6 0-1

[Event "6th Sharjah Masters 2023"]
[Site "Sharjah UAE"]
[Date "2023.05.24"]
[Round "8.10"]
[White "Aryan, Chopra"]
[Black "Cheparinov, Ivan"]
[Result "1/2-1/2"]
[WhiteTitle "GM"]
[BlackTitle "GM"]
[WhiteElo "2617"]
[BlackElo "2660"]
[WhiteFideId "5084423"]
[BlackFideId "2905540"]
[EventDate "2023.05.17"]
[EventType "swiss"]

1. e4 c5 2. Nf3 d6 3. d4 cxd4 4. Nxd4 Nf6 5. Nc3 a6 6. h3 e6 7. g4 h6 8. Bg2 Be7
9. Be3 Nc6 10. f4 Nd7 11. Bf2 O-O 12. Nde2 b5 13. a3 Bh4 14. O-O Bxf2+ 15. Rxf2
Qb6 16. Qxd6 Nde5 17. b4 Nc4 18. Qc5 Qxc5 19. bxc5 Bb7 20. e5 N6a5 21. Bxb7 Nxb7
22. Ne4 Rac8 23. Nd6 Rc7 24. a4 Nxc5 25. axb5 axb5 26. Nxb5 Rd7 27. Ng3 Rb8 28.
Nc3 Ne3 29. Re1 Nd5 30. Nxd5 Rxd5 31. Ne4 1/2-1/2

[Event "6th Sharjah Masters 2023"]
[Site "Sharjah UAE"]
[Date "2023.05.24"]
[Round "8.11"]
[White "Vakhidov, Jakhongir"]
[Black "Narayanan, S.L."]
[Result "1/2-1/2"]
[WhiteTitle "GM"]
[BlackTitle "GM"]
[WhiteElo "2607"]
[BlackElo "2660"]
[WhiteFideId "14201801"]
[BlackFideId "5058422"]
[EventDate "2023.05.17"]
[EventType "swiss"]

1. c4 c5 2. Nf3 Nc6 3. Nc3 Nf6 4. g3 d5 5. cxd5 Nxd5 6. Bg2 Nc7 7. a3 g6 8. h4
h6 9. d3 Bg7 10. Be3 Ne6 11. Rc1 Bd7 12. O-O Rc8 13. Na2 Ncd4 14. b4 Bc6 15.
bxc5 Bxf3 16. Bxf3 Nxf3+ 17. exf3 O-O 18. Rc4 Qd7 19. Qc2 Rfd8 20. Rb1 Bd4 21.
c6 Rxc6 22. Rxc6 bxc6 23. Bxh6 Bb6 24. Nc1 Nd4 25. Qd1 c5 26. Kg2 Nf5 27. Be3
Nxe3+ 28. fxe3 c4 29. d4 e5 30. Ne2 exd4 31. Nxd4 Qd6 32. Qc1 Bc7 33. f4 Qd5+
34. Kf2 Bb6 35. Qc3 Bxd4 1/2-1/2

[Event "6th Sharjah Masters 2023"]
[Site "Sharjah UAE"]
[Date "2023.05.24"]
[Round "8.12"]
[White "Vokhidov, Shamsiddin"]
[Black "Nguyen, Thai Dai Van"]
[Result "0-1"]
[WhiteTitle "GM"]
[BlackTitle "GM"]
[WhiteElo "2586"]
[BlackElo "2645"]
[WhiteFideId "14204223"]
[BlackFideId "358878"]
[EventDate "2023.05.17"]
[EventType "swiss"]

1. e4 e5 2. Nf3 Nc6 3. Bb5 Nf6 4. d3 Bc5 5. Bxc6 dxc6 6. Nbd2 Nd7 7. Nf1 Qe7 8.
Ng3 g6 9. Bh6 b6 10. c3 Bd6 11. d4 f6 12. O-O Bb7 13. Nd2 exd4 14. cxd4 O-O-O
15. f4 Qf7 16. Qc2 Rhe8 17. Rad1 Kb8 18. a3 c5 19. Nc4 Bf8 20. Bxf8 Nxf8 21. d5
Qe7 22. Qc3 h5 23. Rfe1 h4 24. Nh1 g5 25. f5 Ba6 26. Nd2 Nd7 27. Nf2 Qd6 28. b4
cxb4 29. axb4 Ne5 30. Nf3 Nxf3+ 31. gxf3 Bb5 32. Ng4 Rf8 33. Rc1 Rc8 34. Red1
Be8 35. Ra1 Bb5 36. Rd2 Kb7 37. Rc1 Rf7 38. Qd4 Ra8 39. Ra2 Rd8 40. Rca1 a6 41.
Rc1 Rc8 42. Rac2 Ba4 43. Rc6 Bxc6 44. dxc6+ Ka7 45. Qc4 Rff8 46. Ra1 b5 47. Qxb5
Qd4+ 48. Kg2 Qb6 49. Qc4 Rb8 50. Ne3 Qb5 51. Qd4+ Rb6 52. Nd5 Qe2+ 53. Qf2 Qxf2+
54. Kxf2 Rxc6 55. b5 Rc2+ 56. Ke3 Rxh2 57. Rxa6+ Kb7 58. Nxf6 Rb2 59. Nd7 Rxb5
60. Nxf8 Kxa6 61. f6 h3 62. Kf2 Rb2+ 63. Kg1 Rg2+ 64. Kh1 Rf2 65. e5 Rxf3 66.
Ne6 g4 67. Ng5 Rf1+ 68. Kh2 Rf2+ 69. Kg1 h2+ 70. Kxf2 h1=Q 71. f7 Qh2+ 72. Kf1
Qf4+ 0-1

[Event "6th Sharjah Masters 2023"]
[Site "Sharjah UAE"]
[Date "2023.05.24"]
[Round "8.13"]
[White "Yilmaz, Mustafa"]
[Black "Suleymanli, Aydin"]
[Result "1/2-1/2"]
[WhiteTitle "GM"]
[BlackTitle "GM"]
[WhiteElo "2641"]
[BlackElo "2560"]
[WhiteFideId "6302718"]
[BlackFideId "13413937"]
[EventDate "2023.05.17"]
[EventType "swiss"]

1. d4 Nf6 2. c4 e6 3. Nf3 d5 4. Nc3 c5 5. e3 Nc6 6. cxd5 exd5 7. Bb5 cxd4 8.
exd4 Bb4 9. O-O O-O 10. Bg5 Bxc3 11. bxc3 h6 12. Bh4 g5 13. Bg3 Ne4 14. Bxc6
bxc6 15. Ne5 f6 16. Nxc6 Qd7 17. Nb4 a5 18. Nd3 Ba6 19. Re1 Rac8 20. Nc5 1/2-1/2

[Event "6th Sharjah Masters 2023"]
[Site "Sharjah UAE"]
[Date "2023.05.24"]
[Round "8.14"]
[White "Aditya, Mittal"]
[Black "Abasov, Nijat"]
[Result "1/2-1/2"]
[WhiteTitle "GM"]
[BlackTitle "GM"]
[WhiteElo "2522"]
[BlackElo "2634"]
[WhiteFideId "35042025"]
[BlackFideId "13402960"]
[EventDate "2023.05.17"]
[EventType "swiss"]

1. d4 d5 2. c4 c6 3. Nf3 Nf6 4. Nc3 e6 5. e3 Nbd7 6. Qc2 Bd6 7. g4 h6 8. Bd2 Qe7
9. h3 b6 10. O-O-O Bb7 11. g5 hxg5 12. Nxg5 Bc7 13. f4 O-O-O 14. Rg1 Kb8 15. Kb1
Rc8 16. Nf3 g6 17. Ne5 Ka8 18. Bg2 Bb8 19. e4 Nxe4 20. Nxe4 dxe4 21. Qxe4 Nxe5
22. dxe5 c5 23. Bc3 Rcd8 24. Kc2 Bxe4+ 25. Bxe4+ Qb7 26. Bxb7+ Kxb7 27. Rxd8
Rxd8 28. Rd1 Bc7 29. Rxd8 Bxd8 30. Kd3 Kc6 31. Ke4 Kd7 32. Kf3 Ke8 33. Kg4 Kf8
34. h4 1/2-1/2

[Event "6th Sharjah Masters 2023"]
[Site "Sharjah UAE"]
[Date "2023.05.24"]
[Round "8.15"]
[White "Mchedlishvili, Mikheil"]
[Black "Dardha, Daniel"]
[Result "1/2-1/2"]
[WhiteTitle "GM"]
[BlackTitle "GM"]
[WhiteElo "2553"]
[BlackElo "2631"]
[WhiteFideId "13600966"]
[BlackFideId "240990"]
[EventDate "2023.05.17"]
[EventType "swiss"]

1. e4 c5 2. c3 Nf6 3. e5 Nd5 4. Nf3 d6 5. Bc4 Nb6 6. Bb3 c4 7. Bc2 dxe5 8. Nxe5
Qd5 9. Qe2 Qxg2 10. Be4 Qh3 11. Na3 g6 12. Nexc4 Nxc4 13. Nxc4 Qe6 14. d4 Bg7
15. h4 h5 16. Bf4 O-O 17. Be5 Nd7 18. f4 Nxe5 19. fxe5 Bd7 20. Ne3 Bc6 21. Qf3
f5 22. Bd5 Kh7 1/2-1/2

[Event "6th Sharjah Masters 2023"]
[Site "Sharjah UAE"]
[Date "2023.05.24"]
[Round "8.16"]
[White "Sargsyan, Shant"]
[Black "Murzin, Volodar"]
[Result "1/2-1/2"]
[WhiteTitle "GM"]
[BlackTitle "GM"]
[WhiteElo "2630"]
[BlackElo "2604"]
[WhiteFideId "13306766"]
[BlackFideId "44155573"]
[EventDate "2023.05.17"]
[EventType "swiss"]

1. d4 d5 2. c4 c6 3. Nc3 Nf6 4. cxd5 cxd5 5. Bf4 Qb6 6. e3 Nc6 7. Bd3 Bg4 8. f3
Bd7 9. Nge2 e6 10. g4 Be7 11. h4 O-O 12. a3 Na5 13. b4 Nc4 14. Bxc4 dxc4 15. e4
Ne8 16. h5 Nc7 17. h6 g5 18. Be3 a5 19. Kf2 axb4 20. axb4 Rxa1 21. Qxa1 f6 22.
d5 Qxb4 23. Rb1 Qd6 24. e5 Qxe5 25. f4 Qd6 26. Rb6 Qa3 27. Qxa3 Bxa3 28. Rxb7
Bd6 29. Ne4 Bc8 30. Ra7 Ne8 31. dxe6 Bxe6 32. f5 Bd5 33. N2c3 Bxe4 34. Nxe4 Bb8
35. Rd7 Bc7 36. Bc5 Rf7 37. Be7 Ba5 38. Ke3 Bb4 39. Nxf6+ Rxf6 40. Bxb4 Rxh6 41.
Rd8 1/2-1/2

[Event "6th Sharjah Masters 2023"]
[Site "Sharjah UAE"]
[Date "2023.05.24"]
[Round "8.18"]
[White "Asis Gargatagli, Hipolito"]
[Black "Maghsoodloo, Parham"]
[Result "0-1"]
[WhiteTitle "GM"]
[BlackTitle "GM"]
[WhiteElo "2519"]
[BlackElo "2734"]
[WhiteFideId "2260735"]
[BlackFideId "12539929"]
[EventDate "2023.05.17"]
[EventType "swiss"]

1. e4 c5 2. Nf3 Nc6 3. d4 cxd4 4. Nxd4 e6 5. a3 Nxd4 6. Qxd4 Ne7 7. Nd2 Nc6 8.
Qc3 a6 9. Be2 b5 10. O-O Bb7 11. a4 b4 12. Qg3 Rc8 13. Nf3 Ne7 14. Bd3 Ng6 15.
a5 Be7 16. h4 Nxh4 17. Nxh4 Bxh4 18. Qxg7 Bf6 19. Qh6 Rg8 20. Ra4 Bc6 21. Rxb4
Qxa5 22. Rc4 Rg6 23. Qh3 Ke7 24. e5 Qxe5 25. Bxg6 hxg6 26. Qa3+ Ke8 27. Bh6 Be7
28. Qc3 Qxc3 29. Rxc3 Bf6 30. Rb3 Ke7 31. c3 g5 32. f4 gxf4 33. Bxf4 Rg8 34. Rf2
e5 35. Be3 Ke6 36. Rb6 Ra8 37. Rb4 Rg8 38. Rb6 Bh4 39. Re2 Kf5 40. Rb4 Be7 41.
Rf2+ Ke6 42. Rb6 Ra8 43. c4 a5 44. Rb3 f5 45. Re2 a4 46. Rd3 Be4 47. Rd1 Rg8 48.
Ra1 Bf3 49. Rf2 Bc6 50. Re2 Rg4 51. Rc1 Re4 52. Kf1 Rg4 53. Kg1 Be4 54. c5 f4
55. Bd2 f3 56. Rxe4 Rxe4 57. gxf3 Re2 58. Bb4 Rxb2 59. c6 dxc6 0-1

[Event "6th Sharjah Masters 2023"]
[Site "Sharjah UAE"]
[Date "2023.05.24"]
[Round "8.19"]
[White "Vidit, Santosh Gujrathi"]
[Black "Yuffa, Daniil"]
[Result "1/2-1/2"]
[WhiteTitle "GM"]
[BlackTitle "GM"]
[WhiteElo "2731"]
[BlackElo "2592"]
[WhiteFideId "5029465"]
[BlackFideId "24131423"]
[EventDate "2023.05.17"]
[EventType "swiss"]

1. e4 c5 2. Nf3 d6 3. Bb5+ Bd7 4. Bxd7+ Qxd7 5. c4 Nc6 6. Nc3 g6 7. d4 cxd4 8.
Nxd4 Bg7 9. Be3 Nf6 10. f3 O-O 11. O-O a6 12. Nb3 Ne5 13. Qe2 Qc7 14. Nd2 e6 15.
Rac1 Rac8 16. Kh1 Rfe8 17. f4 Nc6 18. Nf3 Qb8 19. Rfd1 h5 20. h3 Qc7 21. e5 dxe5
22. fxe5 Nd7 23. Ne4 Ndxe5 24. Nd6 Nxf3 25. Qxf3 Rcd8 26. Nxe8 Rxe8 27. b3 e5
28. Qe4 f5 29. Qd5+ Kh7 30. Qd7 Re7 31. Qxc7 Rxc7 32. Rd6 f4 33. Bb6 Re7 34.
Rcd1 Nd4 35. Kg1 Ne2+ 36. Kf1 Ng3+ 37. Ke1 e4 38. Rd7 Bc3+ 39. Kf2 Rg7 40. Rxg7+
Kxg7 41. Rd7+ Kf6 42. Rxb7 Nh1+ 43. Kg1 Ng3 44. Bf2 h4 45. c5 e3 46. c6 Bd4 47.
Be1 e2+ 48. Kh2 Nf1+ 49. Kh1 Ng3+ 50. Kh2 Nf1+ 51. Kh1 Ng3+ 1/2-1/2

[Event "6th Sharjah Masters 2023"]
[Site "Sharjah UAE"]
[Date "2023.05.24"]
[Round "8.20"]
[White "Salem, A.R. Saleh"]
[Black "Ju, Wenjun"]
[Result "1/2-1/2"]
[WhiteTitle "GM"]
[BlackTitle "GM"]
[WhiteElo "2677"]
[BlackElo "2550"]
[WhiteFideId "9301348"]
[BlackFideId "8603006"]
[EventDate "2023.05.17"]
[EventType "swiss"]

1. d4 Nf6 2. c4 e6 3. Nf3 d5 4. g3 dxc4 5. Bg2 c5 6. O-O Nc6 7. dxc5 Qxd1 8.
Rxd1 Bxc5 9. Nbd2 c3 10. bxc3 O-O 11. Nb3 Be7 12. c4 Bd7 13. Bb2 Rfd8 14. Nfd4
Rac8 15. Nb5 b6 16. Nd6 Bxd6 17. Rxd6 Be8 18. Rxd8 Nxd8 19. Rc1 Bc6 20. c5 Bxg2
21. Kxg2 Nd7 22. cxb6 Rxc1 23. Bxc1 axb6 24. Kf3 Nc6 25. Ke4 Nf6+ 26. Kd3 Nb4+
27. Kc4 Nxa2 28. Bb2 b5+ 29. Kxb5 Nd5 30. Kc4 Nb6+ 31. Kb5 Nd5 32. Nd2 Nac3+ 33.
Kc4 Na4 34. Bd4 Nab6+ 35. Kb5 Nd7 36. Kc6 Nf8 37. Kd6 f6 38. e4 Nb4 39. Kc5 Nc2
40. Bc3 Ne1 41. Kd4 e5+ 42. Ke3 Nc2+ 43. Kd3 Na3 44. Bb4 1/2-1/2

[Event "6th Sharjah Masters 2023"]
[Site "Sharjah UAE"]
[Date "2023.05.24"]
[Round "8.21"]
[White "Sindarov, Javokhir"]
[Black "Moroni, Luca Jr"]
[Result "0-1"]
[WhiteTitle "GM"]
[BlackTitle "GM"]
[WhiteElo "2661"]
[BlackElo "2535"]
[WhiteFideId "14205483"]
[BlackFideId "865834"]
[EventDate "2023.05.17"]
[EventType "swiss"]

1. e4 e5 2. Nf3 Nc6 3. Bc4 Bc5 4. d3 Nf6 5. O-O d6 6. Nc3 Na5 7. Bg5 c6 8. Na4
Nxc4 9. dxc4 h6 10. Bxf6 Qxf6 11. Nxc5 dxc5 12. h3 g5 13. Qd3 g4 14. hxg4 Bxg4
15. Nh2 h5 16. Qe3 Qe7 17. Qg3 Be2 18. Rfe1 Bxc4 19. Qc3 Be6 20. Qxe5 O-O-O 21.
Rad1 h4 22. Nf3 Rdg8 23. Kh2 Rh6 24. Re3 Rhg6 25. Ne1 Rg5 26. Qf4 Rg4 27. Qe5
R4g5 28. Qd6 Qf6 29. Rd2 Qxb2 30. f4 Rg3 31. Ree2 h3 32. f5 Qh8 33. Kg1 Bc4 34.
Rf2 Qh4 35. Nf3 Qh8 36. Ne1 Qh4 37. Nf3 Qh8 38. Ne1 Bxa2 39. Qxc5 hxg2 40. Rxg2
Qa1 41. Kf2 Rxg2+ 42. Nxg2 Qh1 43. Kf3 Qh3+ 0-1

[Event "6th Sharjah Masters 2023"]
[Site "Sharjah UAE"]
[Date "2023.05.24"]
[Round "8.22"]
[White "Aravindh, Chithambaram VR."]
[Black "Adhiban, Baskaran"]
[Result "0-1"]
[WhiteTitle "GM"]
[BlackTitle "GM"]
[WhiteElo "2633"]
[BlackElo "2589"]
[WhiteFideId "5072786"]
[BlackFideId "5018471"]
[EventDate "2023.05.17"]
[EventType "swiss"]

1. Nf3 Nf6 2. g3 g6 3. Bg2 Bg7 4. O-O O-O 5. d4 d6 6. c4 Nbd7 7. Nc3 e5 8. dxe5
dxe5 9. Qc2 c6 10. Rd1 Qe7 11. e4 Ne8 12. Bg5 Ndf6 13. h3 Nc7 14. Be3 Nd7 15.
Rab1 Ne6 16. b4 a5 17. b5 Ndc5 18. h4 a4 19. h5 gxh5 20. Ne2 Bf6 21. Bd2 h4 22.
Nxh4 Bxh4 23. gxh4 Qxh4 24. Be3 Kh8 25. Qc3 f6 26. bxc6 bxc6 27. Ng3 Rg8 28. Kf1
Nf4 29. Bxc5 Qh2 30. Ke1 Qxg2 31. Kd2 Ne6 32. Rg1 Rxg3 33. Rxg2 Rxc3 34. Kxc3
Nxc5 35. f3 a3 36. Rd1 Ne6 37. Rd6 c5 38. Rb6 Nf4 39. Rh2 Be6 40. Rc6 Rc8 41.
Ra6 Rd8 0-1

[Event "6th Sharjah Masters 2023"]
[Site "Sharjah UAE"]
[Date "2023.05.24"]
[Round "8.23"]
[White "Azarov, Sergei"]
[Black "Mendonca, Leon Luke"]
[Result "1/2-1/2"]
[WhiteTitle "GM"]
[BlackTitle "GM"]
[WhiteElo "2582"]
[BlackElo "2603"]
[WhiteFideId "13501470"]
[BlackFideId "35028561"]
[EventDate "2023.05.17"]
[EventType "swiss"]

1. e4 e6 2. d4 d5 3. e5 c5 4. c3 Nc6 5. Nf3 Qb6 6. Bd3 cxd4 7. O-O Bd7 8. Re1
Nge7 9. h4 Nf5 10. Bxf5 exf5 11. cxd4 Be7 12. Nc3 Be6 13. Bg5 Bb4 14. Rc1 h6 15.
Bd2 Be7 16. Na4 Qb5 17. b4 a5 18. bxa5 Nxa5 19. Rb1 Qc6 20. Nb6 Ra6 21. Bxa5
Rxa5 22. a4 Bd8 23. Qd2 Bxb6 24. Rec1 Qxa4 25. Rxb6 O-O 26. Rxb7 Ra7 27. Rb4 Qa5
28. Rc5 Qa1+ 29. Rc1 Qa5 30. Rc5 Qa1+ 31. Rc1 1/2-1/2

[Event "6th Sharjah Masters 2023"]
[Site "Sharjah UAE"]
[Date "2023.05.24"]
[Round "8.24"]
[White "Erdos, Viktor"]
[Black "Ivic, Velimir"]
[Result "1/2-1/2"]
[WhiteTitle "GM"]
[BlackTitle "GM"]
[WhiteElo "2565"]
[BlackElo "2595"]
[WhiteFideId "719978"]
[BlackFideId "950122"]
[EventDate "2023.05.17"]
[EventType "swiss"]

1. d4 d5 2. c4 c6 3. Nf3 Nf6 4. e3 Bf5 5. Nc3 e6 6. Nh4 Be4 7. f3 Bg6 8. Qb3 Qb6
9. Nxg6 hxg6 10. Bd2 Be7 11. O-O-O Nbd7 12. Kb1 O-O 13. g4 a5 14. g5 Ne8 15.
cxd5 Qxb3 16. axb3 exd5 17. e4 Nb6 18. exd5 1/2-1/2

[Event "6th Sharjah Masters 2023"]
[Site "Sharjah UAE"]
[Date "2023.05.24"]
[Round "8.25"]
[White "Robson, Ray"]
[Black "Sanal, Vahap"]
[Result "1-0"]
[WhiteTitle "GM"]
[BlackTitle "GM"]
[WhiteElo "2704"]
[BlackElo "2600"]
[WhiteFideId "2023970"]
[BlackFideId "6300545"]
[EventDate "2023.05.17"]
[EventType "swiss"]

1. c4 c6 2. d4 d5 3. Nf3 Nf6 4. e3 Bf5 5. Nh4 Bxb1 6. Rxb1 e5 7. dxe5 Ne4 8. Nf3
Bb4+ 9. Ke2 O-O 10. g3 Qd7 11. h4 Rd8 12. Bh3 Qe7 13. Qc2 Nd7 14. a3 Ba5 15. b4
Bc7 16. cxd5 cxd5 17. Qxc7 Rac8 18. Qxb7 Rc2+ 19. Ke1 Rxf2 20. Nd2 Rxd2 21. Bxd2
Qxe5 22. Bxd7 Qxg3+ 23. Kd1 Qg2 24. Be1 Qxh1 25. Qc7 Qf3+ 26. Kc1 Qf6 27. Bg4
Rf8 28. Qf4 Qa6 29. Kb2 f5 30. Bd1 Qd3 31. Bc2 Qe2 32. Qe5 1-0

[Event "6th Sharjah Masters 2023"]
[Site "Sharjah UAE"]
[Date "2023.05.24"]
[Round "8.26"]
[White "Muradli, Mahammad"]
[Black "Predke, Alexandr"]
[Result "0-1"]
[WhiteTitle "GM"]
[BlackTitle "GM"]
[WhiteElo "2531"]
[BlackElo "2685"]
[WhiteFideId "13409301"]
[BlackFideId "24107581"]
[EventDate "2023.05.17"]
[EventType "swiss"]

1. d4 Nf6 2. c4 e6 3. Nf3 Bb4+ 4. Bd2 Bxd2+ 5. Qxd2 O-O 6. g3 d5 7. Bg2 c6 8.
O-O Nbd7 9. Rc1 h6 10. b4 dxc4 11. Rxc4 a5 12. Rc1 Qe7 13. bxa5 e5 14. a4 e4 15.
Ne1 Qd8 16. Na3 Rxa5 17. Nc4 Rd5 18. Nc2 Nc5 19. Rcb1 Ne6 20. Nb6 Rh5 21. Qb4
Ng5 22. h4 Nh3+ 23. Kf1 g5 24. hxg5 Ng4 25. Nxc8 Qxc8 26. Bxh3 Rxh3 27. Ke1 Qf5
28. Kd2 Qxg5+ 29. Kc3 Nxf2 30. Qxb7 Rxg3+ 31. Kb2 Qd2 32. Qxc6 Qxe2 33. Rg1 Qg4
34. Rxg3 Qxg3 35. Ra3 Rb8+ 36. Ka2 Nd3 37. Rc3 Qg1 0-1

[Event "6th Sharjah Masters 2023"]
[Site "Sharjah UAE"]
[Date "2023.05.24"]
[Round "8.27"]
[White "Jumabayev, Rinat"]
[Black "Chigaev, Maksim"]
[Result "0-1"]
[WhiteTitle "GM"]
[BlackTitle "GM"]
[WhiteElo "2590"]
[BlackElo "2628"]
[WhiteFideId "13702661"]
[BlackFideId "4108116"]
[EventDate "2023.05.17"]
[EventType "swiss"]

1. Nf3 d5 2. g3 Nf6 3. Bg2 g6 4. c4 Bg7 5. cxd5 Nxd5 6. d4 c5 7. dxc5 O-O 8. O-O
Na6 9. Ng5 e6 10. Ne4 Bd7 11. Nbc3 Bc6 12. Nxd5 exd5 13. Nc3 d4 14. Bxc6 bxc6
15. Na4 Qd5 16. Qb3 Qxb3 17. axb3 Rab8 18. Ra3 Rfe8 19. Bf4 Rb7 20. e3 Nb4 21.
exd4 Bxd4 22. Rd1 Nc2 23. Ra2 Rxb3 24. Kf1 Bg7 25. Rd7 h5 26. Bd2 h4 27. gxh4
Rh3 28. Nc3 Bd4 29. Ne2 Bxc5 30. b4 Nxb4 31. Ra5 Nd3 32. Be3 Bb6 33. Bxb6 axb6
34. Ra2 Ne5 35. Rd4 Nf3 36. Rf4 Nxh4 37. Ra7 Nf5 38. Ng3 Rh4 39. Rf3 Re5 40. Rc7
c5 0-1

[Event "6th Sharjah Masters 2023"]
[Site "Sharjah UAE"]
[Date "2023.05.24"]
[Round "8.28"]
[White "Piorun, Kacper"]
[Black "Indjic, Aleksandar"]
[Result "1/2-1/2"]
[WhiteTitle "GM"]
[BlackTitle "GM"]
[WhiteElo "2601"]
[BlackElo "2618"]
[WhiteFideId "1130420"]
[BlackFideId "911925"]
[EventDate "2023.05.17"]
[EventType "swiss"]

1. e4 e5 2. Nf3 Nc6 3. Bb5 a6 4. Ba4 Nf6 5. O-O Bc5 6. c3 O-O 7. d4 Bb6 8. Re1
d6 9. h3 Bd7 10. Bc2 Ba5 11. a3 b5 12. Nbd2 Re8 13. Nb3 Bb6 14. Be3 Rb8 15. Nbd2
h6 16. Nf1 Na5 17. Ng3 c5 18. b3 cxd4 19. cxd4 Nc6 20. Qd2 Rc8 21. Rac1 Nxd4 22.
Nxd4 exd4 23. Bxd4 Bxd4 24. Qxd4 Qa5 25. Re2 Rc6 26. Ra1 Qc7 27. Bd1 h5 28. Re3
Rc5 29. Ne2 a5 30. Nf4 h4 31. Ra2 Bc6 32. Nd3 Rg5 33. Rc2 Qd7 34. Bf3 Ba8 35.
Nf4 Rge5 36. Nd3 R5e7 37. e5 dxe5 38. Qxd7 Rxd7 39. Bxa8 Rxa8 40. Nxe5 Rd1+ 41.
Kh2 Ra1 42. Rc5 Rd8 43. Rxb5 Rdd1 44. g3 Rh1+ 45. Kg2 Rag1+ 46. Kf3 hxg3 47.
fxg3 Rxh3 48. Kf2 Rgh1 49. Ke2 R3h2+ 50. Kd3 Rd1+ 51. Kc4 Rd8 52. Kc5 Rc2+ 53.
Nc4 Rc8+ 54. Kb6 a4 55. Ne5 axb3 56. Rexb3 Ne4 57. Ka7 f6 58. Ng6 Kf7 59. Nf4
Nd6 60. R5b4 R2c7+ 61. Ka6 Rc6+ 62. Ka7 R8c7+ 63. Kb8 Rd7 64. Ka8 Ra6+ 65. Kb8
Rc6 66. Ka8 Rc8+ 67. Rb8 Rc5 68. Rf8+ Kxf8 69. Ne6+ Ke7 70. Nxc5 Rc7 71. Nb7 Rc4
72. Nxd6 Kxd6 73. Kb7 Kc5 74. Rf3 Ra4 75. Rf5+ Kd6 76. Rf3 Kc5 77. Rf5+ Kd6 78.
Rf3 Kc5 1/2-1/2